Vista normal
Vista MARC
Entrada Meeting Name
Número de registros utilizados en: 1
001 - CONTROL NUMBER
- control field: 65213
003 - CONTROL NUMBER IDENTIFIER
- control field: OSt
005 - DATE AND TIME OF LATEST TRANSACTION
- control field: 20251001214041.0
008 - FIXED-LENGTH DATA ELEMENTS
- fixed length control field: 251001|| aca||aabn | a|a d
040 ## - CATALOGING SOURCE
- Original cataloging agency: OSt
- Transcribing agency: OSt
111 ## - HEADING--MEETING NAME
- Meeting name or jurisdiction name as entry element: Santiago en 100 Palabras : Concurso (
- Date of meeting or treaty signing: 2018 :
- Location of meeting: Santiago de Chile, Chile)
670 ## - SOURCE DATA FOUND
- Source citation: Work cat.: (OSt)59310: Santiago en 100 Palabras : Concurso ( 2018 : Santiago de Chile, Chile), Los mejores 100 cuentos de la XVI versión del concurso Santiago en 100 palabras /